1171 1490 1823 1491 1355 1750 1872 1619 1612 1745 1462 1343 1388 1896 1234 1901 1856 1321 1725 1104 1850 1271 1425 1223 1445 1295 1634 1696 1156 1161 1163 1796 1452 1699 1930 1257 1658 1500 1419 1118 1691 1772 1051 1346 1058 1598 1569 1241 1511 1198 1744 1219 1986 1484 1443 1268 1015 1459 1506 1275 1312 1787 1267 1904 1968 1218 1559 1112 1158 1948 1198 1736 1255 1281 2000 1325 1429 1194 1139 1474 1199 1819 1130 1301 1527 1890 1465 1939 1820 1481 1777 1131 1919 1902 1423 1165 1067 1380 1915 BCNSPRNW ULIB Ver.6.0+V

เปลี่ยนเป็นภาษาไทย

Change to English
 แสดงรายละเอียดบรรณานุกรม
  กลับหน้าหลัก

Brief Record : Get Marc (ISO 2709) : E-mail record : QR code < ปิดหน้าต่าง
LEADER : 00000nam 2200000uu 4500
001    13399124501
003     ULIB
008    020711s2556 th a 000 0 tha d
020    9789749804902
090    นว.^bล158จ ล.พิเศษ
100    ล่อร่า อิงกัลล์ส์ ไวล์เดอร์;^eผู้แต่ง
245    จดหมายจากลอร่า/^cล่อร่า อิงกัลล์ส์ ไวล์เดอร์
250    พิมพ์ครั้งที่ 7
260    กรุงเทพฯ :^bแพรวเยาวชน,^c2556
300    163 หน้า;^b18.5 ซม.
500    หนังสือชุด บ้านเล็ก เล่มพิเศษ
700    ปัณณพร;^eแปล
945    ^p130^l0^i039782
999    ^aทศพร
รายการนี้ยังไม่มีแท็ก
คุณยังไม่ได้ล็อกอิน คุณสามารถมีกิจกรรมร่วมกับเว็บไซต์ได้ แต่ต้องล็อกอินก่อน ::
  ล็อกอิน

รายการสื่อสารสนเทศ

ลำดับที่ ประเภท เลขเรียก/บาร์โค้ด สถานที่ สถานะ
1. นวนิยาย
นวนิยาย
นว. ล158จ ล.พิเศษ ฉ.1 
  Barcode: 039782
ห้องสมุดวิทยาเขตสวรรค์ประชารักษ์
►นวนิยาย
ถูกยืม กำหนดส่งวันที่ 6 มีนาคม 2567
  จอง
Note:หนังสือชุด บ้านเล็ก เล่มพิเศษ

BibComment


ยังไม่เคยถูกคอมเมนท์

คอมเมนท์ทรัพยากรรายการนี้
  คอมเมนท์: จดหมายจากลอร่า ล่..


 Copyright 2026. Bcnsprnw @Library